000 00728cam a2200229 a 4500
001 4397207
005 20250425182056.0
008 920928s1993 ilua b 001 0 eng
020 _a0256127077
020 _a9780256127072
050 0 0 _aHD30.28
_b.T53 1993
082 0 0 _a658.4/012
_220
100 1 _aThompson, Arthur A.,
_d1940-
245 1 0 _aStrategic management :
_bconcepts & cases /
_cArthur A. Thompson, Jr. & A.J. Strickland III.
250 _a7th ed.
260 _aHomewood, IL :
_bIrwin,
_cc1993.
300 _axxii, 948 p. :
_bill. (some col.) ;
_c27 cm.
650 0 _aStrategic planning.
650 0 _aStrategic planning
_xCase studies.
700 1 _aStrickland, A. J.
_q(Alonzo J.)
942 _2lcc
_cBK
_e7th Ed.
_n0
999 _c5561
_d5561